[Event "Moscow Time of the First U15 Girls"]
[Site "Moscow"]
[Date "2019.06.17"]
[Round "1"]
[White "Tarielashvili, Diana"]
[Black "Dvoeglazova, Daria"]
[Result "1-0"]
[WhiteElo "1542"]
[BlackElo "1244"]
[PlyCount "99"]
[EventDate "2019.06.17"]
[EventType "swiss"]
[EventRounds "9"]
[EventCountry "RUS"]
[SourceTitle "EXT 2021"]
[Source "ChessBase"]
[SourceDate "2020.10.23"]
[SourceVersion "1"]
[SourceVersionDate "2020.10.23"]
[SourceQuality "1"]

1. e4 d5 2. exd5 Nf6 3. Bb5+ Bd7 4. Be2 Bf5 5. Nf3 Nxd5 6. d4 Nc6 7. a3 e6 8. 0-0 Bd6 9. c4 Nf4 10. Nc3 Qf6 11. d5 Nxe2+ 12. Qxe2 Ne5 13. Nxe5 Qxe5 14. Qxe5 Bxe5 15. Re1 Bxc3 16. bxc3 0-0-0 17. Rd1 Bc2 18. Rd4 exd5 19. cxd5 Bb3 20. c4 c6 21. Be3 a5 22. Rc1 Kc7 23. d6+ Kd7 24. c5 Rhe8 25. a4 Kc8 26. Bd2 Rd7 27. Bxa5 Re5 28. Bb6 f5 29. h3 Rf7 30. a5 Re4 31. Rxe4 fxe4 32. Re1 Bc2 33. Ra1 Bd3 34. Ra4 Rf5 35. Rb4 Rd5 36. Ba7 Re5 37. Kh2 g6 38. d7+ Kxd7 39. Rxb7+ Ke6 40. Rxh7 Kd5 41. Rd7+ Kc4 42. Rd6 Kb5 43. Bb6 e3 44. fxe3 Rxe3 45. Rd4 Be4 46. Rd2 Bd5 47. Rb2+ Rb3 48. Rxb3+ Bxb3 49. Kg3 Kc4 50. a6 1-0